000 nam a22 7a 4500
999 _c7177
_d7177
008 170726b xxu||||| |||| 00| 0 eng d
100 _93753
_aWeingarten John
245 _aTeach Yourself Excel for Window 95
260 _aNew Delhi
_bBPB Publication